Statistics for Soviet Union- Map Quiz

Click here to take the quiz!

General Stats

  • This quiz has been taken 74 times
    (66 since last reset)
  • The average score is 13 of 15

Answers on the Map

Answers color-coded by a green-red scale on the quiz's map according to % correct below.
 

Answer Stats

Answer% Correct
Russia
97%
Ukraine
97%
Belarus
95%
Latvia
95%
Lithuania
95%
Estonia
93%
Kazakhstan
93%
Moldova
91%
Georgia
90%
Armenia
86%
Tajikistan
84%
Azerbaijan
83%
Turkmenistan
79%
Uzbekistan
79%
Kyrgyzstan
78%

Score Distribution

Percentile by Number Answered

Percent of People with Each Score

Your Score History

You have not taken this quiz since the last reset